000 00216 a2200097 4500
001 20226
100 _aHoeschele
245 _aAnalog to digital/digital to analog
260 _a
_bJohn Wiley
_c
090 _c14797
_d14797
942 _aNUST-CAE
_cM
_c5332
999 _c255299
_d255299